Islamische Wallfahrtsstatten Kairos /

محفوظ في:

المؤلف الرئيسي: Bannerth, Ernst, 1895- (مؤلف)

التنسيق: كتاب

اللغة: German

منشور في: Wiesbaden : Harrassowitz [in Komm.], 1973.

سلاسل: Schriften des Österreichischen Kulturinstituts Kairo ; 2.

الموضوعات:

الوسوم: إضافة وسم

لا توجد وسوم, كن أول من يضع وسما على هذه التسجيلة!

رقم الطلب: BP187.6 .C3 A16 1973

LEADER 00889namaa2200265 4500
001 2581
003 OSt
005 20250928111539.0
008 130303s1973 gw a b 001 0 ger d
010 |a 74353763 
020 |a 3447015047 
040 |c ARCE Library 
043 |a f-ua--- 
050 4 |a BP187.6 .C3 A16 1973 
100 1 |a Bannerth, Ernst,  |d 1895-  |e author  |9 26191 
245 1 0 |a Islamische Wallfahrtsstatten Kairos /  |c von Ernst Bannerth. 
264 1 |a Wiesbaden :  |b Harrassowitz [in Komm.],  |c 1973. 
300 |a 131 pages :   |b illustrations ;   |c 31 cm. 
490 1 |a Schriften des Österreichischen Kulturinstituts Kairo ;   |v 2. 
504 |a Includes bibliographical references (pages 107-113) and indexes. 
650 0 |a Islamic shrines   |z Egypt   |z Cairo. 
830 0 |a Schriften des Österreichischen Kulturinstituts Kairo ;   |v 2. 
901 |a reviewed 
942 |c BK  |2 lcc 
999 |c 6342  |d 6342